000 01828nam a2200313Ia 4500
001 K0549
003 IT-RoPAU
008 130308s9999 xx 000 0 und d
040 _aIT-RoPAU
040 _cIT-RoPAU
041 _aITALIANO
100 _aFassina Alberto
100 _gCodice Aut. SPICS: 60216
245 _aViaggio dell'eroe (Il). Cinema e riti di passaggio
245 _bViaggio dell'Eroe (Il). Cinema e riti di passaggio
250 _a1a ed.
260 _aALESSANDRIA
260 _bFalsopiano
260 _c2006 [1° Ed.:2006 - Ed.Ling.Originale:2006]
300 _a"224 p. (prefazione: no ; testo: 224 [pagine: 0-0])"
500 _a"Introduzione di S. todini. Partenza: nulla Tangibile rituali di Formazione e Simbologie nella sceneggiatura di G. Robbiano; Demone sotto pelle di R. Giancristofaro. in Viaggio luoghi topici dei riti di Passaggio: Cinq Debus Dans la vie di M. Gandolfi; Welcome to The Doll House? di A. Fassina; Se Caronte è un Gigantesco Coniglio bianco di E. Leoni; che titolo gli Diamo? di R. Ferrucci. Oltre Cinema Altre Narrazioni di Passaggio: Sulla soglia Sospensione delle Fole di M. Zignol; supereroi si Diventa di A. Lise; domani Alla Stessa Ora Appuntamento Coi riti di passaggio di S. Mignoli. Schede: Anni settanta interiori di U. Casadei; Fandango un ultimo Ballo Prima di Dormire di M. Nuzzolo; fuoco Fatuo di M. Bellotto; Nuvole in Viaggio di G. Mozzi; Piccoli Maestri Albero delle per di A. Fassina. Riferimenti Bibliografici. Tracce Filmografiche. "
650 _aSAGGI SUL CINEMA
650 _eCodice materia Spics: 6811
700 _aAA.VV.
700 _gCodice Aut. SPICS: 12000
942 _cBK
957 _71
999 _c77386
_d77386
999 _g1